000 00469nam a22001817a 4500
003 MPLRDC
005 20220104143240.0
008 210129b ||||| |||| 00| 0 eng d
020 _a7-80548-444-9
082 _a997.12 YHM-2
100 _a于红木编著
245 _a全国象棋赛冠亚军对局详解
_c
250 _a一版一刷
260 _a
_b蜀蓉棋艺出版社
_c1994
300 _b
650 _a智力游戏--棋艺
942 _cBK
_o997.12 YHM-2
999 _c38061
_d38051